Składy z finału Euro 2024 - Statystyki

Ogólne statystyki
  • Ten quiz został rozwiązany 112 razy
  • Średni wynik to 18 z 31
Statystyki odpowiedzi
kraj Zawodnik % Poprawnych
Lamine Yamal
92%
Anglia Harry Kane
85%
Hiszpania Unai Simón
85%
Nico Williams
82%
Trener Anglii Gareth Southgate
76%
Jude Bellingham
72%
Álvaro Morata
71%
Jordan Pickford
70%
Kyle Walker
70%
Dani Carvajal
69%
Phil Foden
68%
Bukayo Saka
67%
Dani Olmo
64%
Mikel Oyarzabal
64%
John Stones
63%
Marc Cucurella
59%
Rodri
57%
Declan Rice
56%
Robin Le Normand
56%
Cole Palmer
55%
Trener Hiszpanii Luis de la Fuente
55%
Aymeric Laporte
48%
Fabián Ruiz
48%
Luke Shaw
47%
Mikel Merino
45%
Marc Guéhi
40%
Ollie Watkins
33%
Martín Zubimendi
32%
Kobbie Mainoo
30%
Nacho
20%
Ivan Toney
11%
Nie znaleziono quizów pasujących do podanych kryteriów
Rozkład punktacji
Procent ludzi z każdym wynikiem
Percentyl według liczby udzielonych odpowiedzi
Twoja historia wyników
Nie rozwiązałeś tego quizu